000 00250nam a2200097Ia 4500
001 817280
005 20250826171731.0
008 250824s9999 xx 000 0 und d
245 0 _aKÜÇÜK ARI BÜYÜK ARI
_cMUZAFFER İZGÜ
260 _bBİLGİ YAYINEVİ
999 _c817280
_d817280